000 00241nam a22000857a 4500
008 160701b xxu||||| |||| 00| 0 eng d
100 _91749
_a Aggarwal
245 _aSenior Secondary School Assignments - XII
260 _aPatna
_bBharate Bhawan
_c1994
999 _c1455
_d1455